000 00820nam a2200253Ia 4500
003 OSt
005 20220930093950.0
006 a|||||r|||| 00| 0
007 ta
008 220926b |||||||| |||| 00| 0 eng d
024 _a63218
037 _cTheses
040 _aCRL
_cCRL
_beng
041 _2eng
_aeng
100 _aBhatt Nidhi Au.
_9553945
110 _aUniversity of Delhi. Faculty of Science. Department of Pharmacy (DIPSAR)
_9553946
245 0 _aOral delivery of protein/peptide desighn, development & evaluation
260 _c2016
300 _av,190p.
_ap.
_ccm.
700 _a Chauhan Meenakshi Gu.
_9553947
700 _aUniversity of Delhi. Faculty of Science. Department of Pharmacy (DIPSAR)
_9553948
942 _cDIS
_2CC
999 _c886339
_d886339